000 00274nam a2200097Ia 4500
001 682970
005 20250826161429.0
008 250824s9999 xx 000 0 und d
245 0 _aBİR DEVLET EADINI VEREN ATA SELÇUK BEY
_cAHMET HALDUN TERZİOĞLU
260 _bPANAMA YAYINLARI
999 _c682970
_d682970